| 000 | 00407nam a2200133Ia 4500 | ||
|---|---|---|---|
| 008 | 150610s9999 xx 000 0 und d | ||
| 020 | _a9780307950697 | ||
| 050 |
_aPQ9698.13 _b.O3546A4413 2011 |
||
| 100 | _aCoelho, Paulo | ||
| 245 |
_aAleph / _cPaulo Coelho; translated by Margaret Jull Costa. |
||
| 250 | _a1st American ed. | ||
| 260 |
_aNew York : _bVintage Books, _c2011. |
||
| 300 |
_a269pages ; _c18 cm. |
||
| 999 |
_c288009 _d288009 |
||